000 00778nam a22001937a 4500
999 _c371910
_d371910
008 201127b ||||| |||| 00| 0 eng d
040 _aDE-2950
_bger
_cDE-2950
_erda
041 _ager
245 _aWie aus einer alten Molkerei Wohnungen werden.
_bWohnen. Eines der beeindruckendsten Wohnbauprojekte der Stadt entsteht derzeit in der Markendorfer Str. 21/22. Am Freitag wurde Richtfest gefeiert/
_cRené Matschkowiak
264 _c2022
653 _aFrankfurt (Oder)
653 _aWohnungsbau
653 _aAlte Molkerei
773 _dFrankfurt (Oder) Märkisches Verlags- und Druckhaus GmbH & Co KG
_tMärkische Oderzeitung
_g33. Jahrgang (2022) Nr. 240 vom 14.10.2022, S. 15; Foto
942 _cA